000 00244nam a2200109 a 4500
005 20140513081051.0
008 020606s19uu xx 00 eng d
050 _aP 591
_bLAR
245 _aLarge Cetaceans.
650 _aPosters
999 _c116330
_d116330